Československá obchodní banka, a.s. annual report 2000

Salvato in:
Dettagli Bibliografici
Natura: Libro
Lingua:inglese
Pubblicazione: Praha ASCO [2001]
Soggetti:
Tags: Aggiungi Tag
Nessun Tag, puoi essere il primo ad aggiungerne!!

MARC

LEADER 00000nam$a2200000$$$4500
001 0014264
005 20240108123854.0
041 0 |a eng 
044 |a CZ 
245 1 0 |a Československá obchodní banka, a.s.  |b annual report 2000 
264 1 |a Praha  |b ASCO  |c [2001] 
300 |a 99 s. 
610 2 0 |a bankovníctvo 
610 2 0 |a banky obchodné 
610 2 0 |a služby bankové 
610 2 0 |a výkazy účtovné